Normal view
MARC view
- Treib M Ed
Entry Personal Name
001 - CONTROL NUMBER
- control field: 26333
003 - CONTROL NUMBER IDENTIFIER
- control field: OSt
005 - DATE AND TIME OF LATEST TRANSACTION
- control field: 20220803172813.0
008 - FIXED-LENGTH DATA ELEMENTS
- fixed length control field: 220803|| aca||aabn | a|a d
040 ## - CATALOGING SOURCE
- Original cataloging agency: OSt
- Transcribing agency: OSt
100 ## - HEADING--PERSONAL NAME
- Personal name: Treib M Ed
670 ## - SOURCE DATA FOUND
- Source citation: Work cat.: (OSt)16875: Treib M Ed., Modern Landscape Architecture : A Critical Review., 1992